000 00591nam a22001817a 4500
005 20251126180203.0
008 251120b |||||||| |||| 00| 0 eng d
020 _a978-81-962762-3-2
041 _aeng
082 _a615.18 RAJ-T
100 _aRAJPUT, HAKIM SINGH AND TRILOCHN A, DR. N & SHUKLA, SANTOSH PRATAP, SHOURYA
_98748
245 _aA TEXT BOOK OF PHARMACEUTICAL QUALITY ASSURANCE: FOR B. PHARMA. [3RD YEAR. 6TH SEM]
250 _a1ST ED. 2023
260 _aNEW DELHI
_bINNOVATIVE PUBLICATIONS PVT LTD.
_c2025
300 _a144;P
650 _aPHARMACY
_xB. PHARMA
942 _cBK
999 _c8920
_d8918